| 000 | 00715nam a22002057a 4500 | ||
|---|---|---|---|
| 999 |
_c290148 _d290148 |
||
| 003 | OSt | ||
| 082 | _aTNAU/CP 2019 | ||
| 245 |
_aConference Proceedings:National Conference on climate smart agriculture for livelihood security challenges and opportunities _b13-14 September 2019 |
||
| 260 |
_aTamil Nadu _bAnbil Dharmalingam Agricultural College and Research Institute _c2019 |
||
| 300 | _a425p. | ||
| 546 | _aEnglish | ||
| 650 | _aTamil Nadu Agricultural University | ||
| 650 | _aClimate Smart Agriculture | ||
| 650 | _aBreeding Crops | ||
| 650 | _aClimate Change | ||
| 650 | _aBiosensors use in Agriculture | ||
| 650 | _aGenetic Diversity Study | ||
| 700 | _aAlagesan,A, Ed. et.al. | ||
| 942 |
_2ddc _cREP |
||